00286nam a22000977a 4500020001800000082000800018100004500026245008000071260002800151300000900179 a9780367027513 a340 aDavid Campbell and Philip Thomas Editors aThe province of jurisprudence determined by John Austinc Campbell, David,  aLondonbRoutledgec2018 a261p